<?xml version="1.0" encoding="UTF-8"?><?xml-stylesheet type="text/xsl" href="static/style.xsl"?><OAI-PMH xmlns="http://www.openarchives.org/OAI/2.0/" xmlns:xsi="http://www.w3.org/2001/XMLSchema-instance" xsi:schemaLocation="http://www.openarchives.org/OAI/2.0/ http://www.openarchives.org/OAI/2.0/OAI-PMH.xsd"><responseDate>2026-04-13T13:37:42Z</responseDate><request verb="GetRecord" identifier="oai:www.recercat.cat:2117/446652" metadataPrefix="marc">https://recercat.cat/oai/request</request><GetRecord><record><header><identifier>oai:recercat.cat:2117/446652</identifier><datestamp>2025-11-21T21:08:57Z</datestamp><setSpec>com_2072_1033</setSpec><setSpec>col_2072_452951</setSpec></header><metadata><record xmlns="http://www.loc.gov/MARC21/slim" xmlns:dcterms="http://purl.org/dc/terms/" xmlns:xsi="http://www.w3.org/2001/XMLSchema-instance" xmlns:doc="http://www.lyncode.com/xoai" xsi:schemaLocation="http://www.loc.gov/MARC21/slim http://www.loc.gov/standards/marcxml/schema/MARC21slim.xsd">
   <leader>00925njm 22002777a 4500</leader>
   <datafield ind2=" " ind1=" " tag="042">
      <subfield code="a">dc</subfield>
   </datafield>
   <datafield ind2=" " ind1=" " tag="720">
      <subfield code="a">Pastor Mas, Laia</subfield>
      <subfield code="e">author</subfield>
   </datafield>
   <datafield ind2=" " ind1=" " tag="260">
      <subfield code="c">2025-07-14</subfield>
   </datafield>
   <datafield ind2=" " ind1=" " tag="520">
      <subfield code="a">Davant els efectes del canvi climàtic sobre l’agricultura mediterrània, aquest treball analitza els paràmetres que tenen un impacte més significatiu, com ara la ventilació natural i els materials, sobre la demanda energètica d’un hivernacle en clima mediterrani.
A diferència d’estudis previs centrats en aspectes puntuals, aquest estudi considera simultàniament paràmetres com l’orientació, la ventilació natural, els materials, l’altura i la ubicació física. El comportament energètic s’avalua mitjançant simulacions anuals amb EnergyPlus, partint de models paramètrics creats amb Grasshopper i Honeybee, i utilitzant dades climàtiques de tres períodes diferents: 2007–2020, 2047–2060 i 2087–2100.
Els resultats mostren que la ventilació natural i els materials translúcids, com l’ETFE o el polietilè de doble capa, són claus per reduir el consum. També destaca la influència de la ubicació física. Es conclou que el model permet crear una base sòlida pel disseny d’hivernacles més sostenibles i resilients al canvi climàtic, i es proposa com a línia futura l’ús de CFD i la validació experimental.</subfield>
   </datafield>
   <datafield ind2=" " ind1=" " tag="520">
      <subfield code="a">In response to the effects of climate change on Mediterranean agriculture, this study examines the design parameters that have the greatest impact—such as natural ventilation and material selection—on the energy demand of a greenhouse in a Mediterranean climate.
Unlike previous studies that focus on isolated aspects, this work simultaneously considers parameters including orientation, natural ventilation, materials, height, and physical location. The energy performance is evaluated through annual simulations using EnergyPlus, based on parametric models developed with Grasshopper and Honeybee, and using climate data from three different time periods: 2007–2020, 2047–2060, and 2087–2100.
The results show that natural ventilation and translucent materials—such as ETFE or double-layer polyethylene—are key to reducing energy consumption. Physical location also proves to be a significant factor. The study concludes that the proposed model provides a solid foundation for designing more sustainable and climate-resilient greenhouses, and recommends future work involving CFD tools and experimental validation.</subfield>
   </datafield>
   <datafield ind1="8" ind2=" " tag="024">
      <subfield code="a">http://hdl.handle.net/2117/446652</subfield>
   </datafield>
   <datafield tag="653" ind2=" " ind1=" ">
      <subfield code="a">Àrees temàtiques de la UPC::Enginyeria agroalimentària</subfield>
   </datafield>
   <datafield tag="653" ind2=" " ind1=" ">
      <subfield code="a">Àrees temàtiques de la UPC::Desenvolupament humà i sostenible</subfield>
   </datafield>
   <datafield tag="653" ind2=" " ind1=" ">
      <subfield code="a">Greenhouses</subfield>
   </datafield>
   <datafield tag="653" ind2=" " ind1=" ">
      <subfield code="a">Computer simulation</subfield>
   </datafield>
   <datafield tag="653" ind2=" " ind1=" ">
      <subfield code="a">Energy conservation</subfield>
   </datafield>
   <datafield tag="653" ind2=" " ind1=" ">
      <subfield code="a">Climatic changes</subfield>
   </datafield>
   <datafield tag="653" ind2=" " ind1=" ">
      <subfield code="a">EnergyPlus</subfield>
   </datafield>
   <datafield tag="653" ind2=" " ind1=" ">
      <subfield code="a">Canvi climàtic</subfield>
   </datafield>
   <datafield tag="653" ind2=" " ind1=" ">
      <subfield code="a">Ventilació</subfield>
   </datafield>
   <datafield tag="653" ind2=" " ind1=" ">
      <subfield code="a">Materials</subfield>
   </datafield>
   <datafield tag="653" ind2=" " ind1=" ">
      <subfield code="a">Materials</subfield>
   </datafield>
   <datafield tag="653" ind2=" " ind1=" ">
      <subfield code="a">Hivernacles</subfield>
   </datafield>
   <datafield tag="653" ind2=" " ind1=" ">
      <subfield code="a">Simulació per ordinador</subfield>
   </datafield>
   <datafield tag="653" ind2=" " ind1=" ">
      <subfield code="a">Energia--Estalvi</subfield>
   </datafield>
   <datafield tag="653" ind2=" " ind1=" ">
      <subfield code="a">Canvis climàtics</subfield>
   </datafield>
   <datafield ind2="0" ind1="0" tag="245">
      <subfield code="a">Estudi de l'eficiència energètica d'un hivernacle en climes mediterranis, considerant condicions climàtiques actuals i futures</subfield>
   </datafield>
</record></metadata></record></GetRecord></OAI-PMH>